[Event "0pen Est 2012/2013"]
[Site "Aubagne"]
[Date "2012.11.10"]
[Round "2.30"]
[White "Roche, Alain"]
[Black "Maestracci, Monique"]
[Result "1-0"]
[WhiteElo "1431"]
[BlackElo "1090"]
[PlyCount "55"]

1. e4 e5 2. Nf3 d6 3. h3 Nc6 4. c3 Nf6 5. d4 Nxe4 6. d5 Qf6 7. dxc6 b6 8. Bd3
Bf5 9. Bxe4 Bxe4 10. Qe2 Qg6 11. Nbd2 Bxf3 12. Qxf3 Be7 13. O-O O-O 14. b4 f5
15. Qd5+ Kh8 16. a4 f4 17. a5 Rf5 18. axb6 f3 19. Nxf3 e4 20. Qxe4 Qf6 21. Rxa7
Rb8 22. b7 g6 23. Ra8 Qf8 24. Rxb8 Qxb8 25. Qxe7 Rf8 26. c4 Re8 27. Bb2+ Kg8
28. Qg7# 1-0

[Event "0pen Est 2012/2013"]
[Site "Aubagne"]
[Date "2012.11.10"]
[Round "2.31"]
[White "Chouard, Hugo"]
[Black "Pala, Gerard"]
[Result "0-1"]
[WhiteElo "1199"]
[BlackElo "1430"]
[PlyCount "52"]

1. e4 c6 2. Nc3 d5 3. d4 dxe4 4. Nxe4 Bf5 5. Bd3 Nf6 6. f3 Qxd4 7. Ne2 Qb6 8.
Bf4 Bg6 9. Qd2 Qxb2 10. Qd1 e6 11. Bc1 Qxa1 12. c3 Qxa2 13. Bf4 Nxe4 14. fxe4
Nd7 15. O-O Bc5+ 16. Kh1 e5 17. Bg5 h6 18. Bh4 f6 19. c4 Qa5 20. Qc2 O-O-O 21.
Qb2 Be7 22. Qa1 Rhe8 23. Rb1 Qc7 24. Qa4 b6 25. Rc1 Nc5 26. Qa3 Nxd3 0-1

[Event "0pen Est 2012/2013"]
[Site "Aubagne"]
[Date "2012.11.10"]
[Round "2.32"]
[White "Escaillon, Gilbert"]
[Black "Benner, Jean-Marc"]
[Result "0-1"]
[WhiteElo "1190"]
[BlackElo "1420"]
[PlyCount "106"]

1. e4 e5 2. Bc4 Nf6 3. Nc3 Bb4 4. Nf3 d6 5. O-O Bxc3 6. dxc3 O-O 7. Nxe5 dxe5
8. Qxd8 Rxd8 9. Bg5 h6 10. Bxf6 gxf6 11. Rae1 Rd2 12. Bb3 Nc6 13. Re3 Na5 14.
Rg3+ Kf8 15. Ba4 Be6 16. Rd3 Rxd3 17. cxd3 Bxa2 18. h3 Rd8 19. Rd1 Bb3 20. Bxb3
Nxb3 21. f4 exf4 22. Rf1 Rxd3 23. Rxf4 Rd2 24. Rxf6 Rxb2 25. Rxh6 Kg7 26. Rh4
Rc2 27. Rg4+ Kf8 28. e5 Rxc3 29. Rf4 Ke7 30. h4 Rc6 31. g4 f6 32. h5 fxe5 33.
Rf5 Rc4 34. h6 Rxg4+ 35. Kh2 Rh4+ 36. Kg3 Rxh6 37. Rxe5+ Kd7 38. Rb5 Rb6 39.
Rg5 a5 40. Rg4 Ra6 41. Ra4 b5 42. Ra3 Nd4 43. Kf4 c5 44. Ke5 Kc6 45. Rg3 b4 46.
Rg6+ Kb5 47. Rg1 b3 48. Kd5 Kb4 49. Rb1 a4 50. Rc1 b2 51. Rc4+ Kb3 52. Kxc5
Rc6+ 53. Kxd4 Rxc4+ 0-1

[Event "0pen Est 2012/2013"]
[Site "Aubagne"]
[Date "2012.11.10"]
[Round "2.33"]
[White "Bessard, Serge"]
[Black "Catanese, Sauveur"]
[Result "1/2-1/2"]
[WhiteElo "1420"]
[BlackElo "1170"]
[PlyCount "72"]

1. d4 Nf6 2. e3 g6 3. f4 Bg7 4. Nf3 d6 5. Bd3 O-O 6. O-O Be6 7. Nbd2 Nbd7 8. c3
c5 9. b3 Rc8 10. Bb2 b6 11. Qe1 Re8 12. Ng5 Nf8 13. Ndf3 Bd7 14. Nh4 h6 15. Ne4
d5 16. Nxf6+ Bxf6 17. Qf2 e5 18. fxe5 Bxh4 19. Qxf7+ Kh8 20. Bxg6 Nxg6 21. Qxg6
Qg5 22. Qxg5 Bxg5 23. Rf3 Bg4 24. Rg3 Bd7 25. Rf1 Rf8 26. Rd1 c4 27. Ba3 Rf7
28. bxc4 Be6 29. c5 b5 30. Rb1 a6 31. Bb4 Rcf8 32. Rf3 Rxf3 33. gxf3 Bxe3+ 34.
Kg2 Bf4 35. c6 Rg8+ 36. Kh1 Bh3 1/2-1/2

[Event "0pen Est 2012/2013"]
[Site "Aubagne"]
[Date "2012.11.10"]
[Round "2.34"]
[White "Conti, Beatrice"]
[Black "Mroz, Erwin"]
[Result "0-1"]
[WhiteElo "1130"]
[BlackElo "1420"]
[PlyCount "76"]

1. e4 c5 2. Bc4 e6 3. Nf3 a6 4. Nc3 Nc6 5. a3 Be7 6. O-O Qc7 7. d3 Nf6 8. h3 h6
9. Re1 d6 10. Be3 O-O 11. d4 b5 12. Ba2 cxd4 13. Bxd4 Nxd4 14. Qxd4 e5 15. Qd3
Bb7 16. Bd5 Nh5 17. Nh4 Bxh4 18. Qf3 Nf4 19. Qg4 Bf6 20. Rad1 Rab8 21. Ne2 Nxd5
22. exd5 Qxc2 23. b4 Qg6 24. Qxg6 fxg6 25. Ng3 Bh4 26. Ne4 Ba8 27. Rf1 Be7 28.
Nc3 Rbc8 29. Ne4 Rc2 30. Rd2 Rxd2 31. Nxd2 Bxd5 32. Nb1 Rc8 33. Rd1 Bb3 34. Rd3
Rc1+ 35. Kh2 Rxb1 36. Rc3 Bc4 37. g3 Bd5 38. Rc7 Rh1# 0-1

[Event "0pen Est 2012/2013"]
[Site "Aubagne"]
[Date "2012.11.10"]
[Round "2.35"]
[White "Morata, Serge"]
[Black "Rieu, Jean"]
[Result "1-0"]
[WhiteElo "1090"]
[BlackElo "1410"]
[PlyCount "63"]

1. d4 b6 2. e4 Bb7 3. Bd3 e6 4. c3 Nf6 5. Bg5 Be7 6. Nd2 Ng8 7. Be3 Nf6 8. Ngf3
O-O 9. Qc2 d5 10. e5 Ng4 11. Bxh7+ Kh8 12. h3 Nxe3 13. fxe3 g6 14. O-O-O Kxh7
15. h4 Kg7 16. h5 Bg5 17. Rde1 Rh8 18. g4 Nc6 19. Qd1 Ne7 20. Nxg5 Qd7 21. Ref1
Raf8 22. Rf6 Nc8 23. Qc2 Rh6 24. Ndf3 Ba6 25. Rh2 b5 26. hxg6 Rxh2 27. Qxh2 Rh8
28. Rxf7+ Qxf7 29. gxf7 Rxh2 30. Nxh2 Nb6 31. f8=Q+ Kxf8 32. Nxe6+ 1-0

[Event "0pen Est 2012/2013"]
[Site "Aubagne"]
[Date "2012.11.10"]
[Round "2.36"]
[White "Periale, Albert"]
[Black "Gousseau, Michel"]
[Result "1-0"]
[WhiteElo "1400"]
[BlackElo "1150"]
[PlyCount "63"]

1. e4 Nf6 2. Nc3 e5 3. Nf3 d6 4. d4 Nc6 5. d5 Ne7 6. Bg5 h6 7. Bxf6 gxf6 8. Bd3
f5 9. exf5 Nxf5 10. Bb5+ Bd7 11. Qd3 c6 12. dxc6 bxc6 13. Bxc6 Ke7 14. Bxa8
Qxa8 15. Nd5+ Kd8 16. c4 Qc6 17. O-O Bg7 18. Rab1 Re8 19. Rfe1 Ne7 20. Rbc1 Bf5
21. Qb3 Kd7 22. Qb5 e4 23. Qxc6+ Nxc6 24. Nd2 Bxb2 25. Rb1 Bd4 26. Rb7+ Ke6 27.
Nc7+ Kd7 28. Nxe8+ Kxe8 29. Nxe4 Kf8 30. Nxd6 Bd3 31. Rxf7+ Kg8 32. Re8# 1-0

[Event "0pen Est 2012/2013"]
[Site "Aubagne"]
[Date "2012.11.10"]
[Round "2.37"]
[White "Gianfranceschi, Gerard"]
[Black "Strate, Francois"]
[Result "0-1"]
[WhiteElo "1010"]
[BlackElo "1389"]
[PlyCount "68"]

1. e4 e6 2. f4 d5 3. Bd3 Nf6 4. Nc3 Nc6 5. Nf3 Be7 6. O-O a6 7. b3 Bb4 8. Bb2
O-O 9. Na4 dxe4 10. c3 Be7 11. Be2 exf3 12. Bxf3 Bd7 13. c4 Re8 14. Bc3 Bd6 15.
g3 e5 16. c5 Bf8 17. Qe2 exf4 18. Qg2 fxg3 19. Qxg3 Ne4 20. Bxe4 Rxe4 21. Nb2
Rg4 22. Qg2 Rxg2+ 23. Kxg2 Qg5+ 24. Kf2 Bxc5+ 25. Ke2 Bg4+ 26. Kd3 Bf5+ 27. Kc4
Be6+ 28. Kd3 Qg6+ 29. Ke2 Re8 30. Rg1 Bg4+ 31. Kf1 Bxg1 32. Kxg1 Re2 33. Nc4
Bh3+ 34. Kh1 Qg2# 0-1

[Event "0pen Est 2012/2013"]
[Site "Aubagne"]
[Date "2012.11.10"]
[Round "2.38"]
[White "Moerenhout, Jean Claude"]
[Black "Periale, Francine"]
[Result "1-0"]
[WhiteElo "1380"]
[BlackElo "1110"]
[PlyCount "45"]

1. e4 c5 2. Nf3 d6 3. d4 g6 4. d5 Nf6 5. Nc3 Bg7 6. Bg5 O-O 7. Qd2 Nbd7 8. Bh6
b6 9. Be2 Re8 10. Bxg7 Kxg7 11. h4 h6 12. Ng1 Rh8 13. g4 Ne5 14. h5 Bxg4 15.
Bxg4 Nexg4 16. hxg6 fxg6 17. O-O-O Qd7 18. Nh3 Rae8 19. Nf4 Kf7 20. Ne6 Nh7 21.
f3 Ne5 22. Qxh6 Kf6 23. Qg7# 1-0

[Event "0pen Est 2012/2013"]
[Site "Aubagne"]
[Date "2012.11.10"]
[Round "2.39"]
[White "Brongers, Claudine"]
[Black "Turpin, Isabelle"]
[Result "1-0"]
[WhiteElo "1360"]
[BlackElo "1070"]
[PlyCount "124"]

1. e4 c5 2. d4 d6 3. dxc5 Qa5+ 4. Bd2 Qxc5 5. Nc3 a6 6. Be3 Qc7 7. Qd2 e6 8.
Bf4 h6 9. Be2 Nc6 10. Nf3 Be7 11. O-O-O e5 12. Nd5 Qd8 13. Be3 Nf6 14. Bd3 O-O
15. Bb6 Qd7 16. h3 Nxd5 17. exd5 Nd4 18. Kb1 Bd8 19. Bxd4 Re8 20. Be3 e4 21.
Nd4 exd3 22. Qxd3 b5 23. g4 b4 24. Nc6 Bb7 25. Nxb4 Qa4 26. c3 a5 27. Nc2 Re5
28. b3 Qd7 29. c4 a4 30. f4 Re8 31. b4 Rb8 32. a3 Ba6 33. Bd2 Bf6 34. Nd4 Rbc8
35. Rc1 Rc7 36. b5 Rb7 37. Rc2 Bxd4 38. Qxd4 Bxb5 39. Rb2 Reb8 40. Bc3 f6 41.
cxb5 Rxb5 42. Rhh2 Qc7 43. Bb4 Rc8 44. Rhc2 Qb7 45. Rxc8+ Qxc8 46. Qd3 Qb7 47.
Qg6 Qxd5 48. Qe8+ Kh7 49. f5 Qh1+ 50. Ka2 Qd5+ 51. Ka1 Qd1+ 52. Rb1 Qd4+ 53.
Rb2 Re5 54. Qc6 Re2 55. Qc1 Rh2 56. Bc3 Qc5 57. Rxh2 d5 58. Rc2 d4 59. Bb4 Qd5
60. Rc5 Qf3 61. Rc2 Qxh3 62. Qd2 Qxg4 1-0

[Event "0pen Est 2012/2013"]
[Site "Aubagne"]
[Date "2012.12.15"]
[Round "3.1"]
[White "Israel, Daniel"]
[Black "Cavanihac, Claude"]
[Result "1-0"]
[WhiteElo "1817"]
[BlackElo "1590"]
[PlyCount "81"]

1. c4 f5 2. g3 Nf6 3. Bg2 e6 4. Nf3 Be7 5. d3 c6 6. Nc3 d5 7. cxd5 exd5 8. O-O
O-O 9. e3 Bd6 10. Qc2 Nbd7 11. b3 Ne5 12. Nd4 a6 13. e4 c5 14. Nxf5 Bxf5 15.
exf5 Bc7 16. Bg5 d4 17. Nd5 Bd6 18. Nxf6+ gxf6 19. Bh6 Re8 20. Bxb7 Ra7 21. Be4
Qd7 22. Qe2 Qf7 23. f4 Nd7 24. g4 Nb6 25. Qg2 Kh8 26. g5 fxg5 27. fxg5 Rg8 28.
Rf3 Nd5 29. g6 Ne3 30. Bxe3 dxe3 31. gxf7 Rxg2+ 32. Kxg2 Rxf7 33. Rxe3 Be5 34.
Rf1 Rg7+ 35. Rg3 Bxg3 36. hxg3 h6 37. f6 Rf7 38. Bd5 Rf8 39. f7 Kg7 40. Rf4 h5
41. Re4 1-0

[Event "0pen Est 2012/2013"]
[Site "Aubagne"]
[Date "2012.12.15"]
[Round "3.2"]
[White "Cocordano, Claire"]
[Black "Gomez, Jean-Luc"]
[Result "0-1"]
[WhiteElo "1529"]
[BlackElo "1750"]
[PlyCount "107"]

1. e4 c5 2. Nf3 Nc6 3. c3 Nf6 4. e5 Ng4 5. d4 cxd4 6. cxd4 g6 7. h3 Nh6 8. Nc3
a6 9. Be3 Bg7 10. Bd3 d6 11. exd6 Qxd6 12. O-O Nf5 13. Bxf5 Bxf5 14. Qd2 O-O
15. a3 Rfd8 16. Rfd1 Na5 17. Qe1 Nb3 18. Bg5 Rd7 19. Ne5 Rc7 20. Ne4 Bxe4 21.
Qxe4 Nxa1 22. Rxa1 f6 23. Nf7 Kxf7 24. Bf4 e5 25. dxe5 fxe5 26. Be3 Rac8 27.
Qf3+ Kg8 28. g3 Qe7 29. Rb1 e4 30. Qg2 Rc2 31. b4 Ra2 32. Bc5 Qe6 33. Re1 Re8
34. Qf1 Rxa3 35. Rd1 Qf5 36. Qc4+ Qe6 37. Qxe6+ Rxe6 38. Rd8+ Kf7 39. Rd7+ Ke8
40. Rxg7 b6 41. Be3 h5 42. Rb7 b5 43. Kg2 Ra1 44. h4 Rc6 45. Bg5 Re6 46. Be3
Rd6 47. Bc5 Rdd1 48. Re7+ Kd8 49. Rxe4 a5 50. Bb6+ Kd7 51. bxa5 Rd6 52. Rb4 Kc6
53. Rb2 Rc1 54. Be3 0-1

[Event "0pen Est 2012/2013"]
[Site "Aubagne"]
[Date "2012.12.15"]
[Round "3.3"]
[White "Vialette, Eric"]
[Black "Noireaut, Hoan"]
[Result "0-1"]
[WhiteElo "1719"]
[BlackElo "1528"]
[PlyCount "96"]

1. e4 d6 2. d4 Nf6 3. Nc3 g6 4. Bg5 Bg7 5. Qd2 O-O 6. f3 a6 7. h4 h5 8. Bh6 c5
9. Bxg7 Kxg7 10. d5 b5 11. Be2 Bd7 12. Nd1 Qc7 13. Nf2 c4 14. c3 a5 15. a3 Na6
16. g4 Nc5 17. Qg5 Rh8 18. gxh5 Rxh5 19. Qg3 Nb3 20. Rd1 Nc5 21. Ngh3 Qb6 22.
Ng4 b4 23. Nxf6 exf6 24. Nf4 Rh6 25. Bxc4 bxc3 26. bxc3 Qb2 27. Ne2 Ba4 28. Rc1
Bb3 29. O-O Bxc4 30. Rce1 Bxe2 31. Rf2 Qxc3 32. Rexe2 Rah8 33. Rh2 Qd4+ 34. Kh1
Qa1+ 35. Qg1 Qxg1+ 36. Kxg1 Rxh4 37. Rxh4 Rxh4 38. Rb2 Kf8 39. Rb5 a4 40. Rb6
Ke7 41. Rb8 Rf4 42. Kg2 f5 43. e5 dxe5 44. Rb5 Nd7 45. Ra5 Rd4 46. Kf2 Nf6 47.
Ra7+ Kf8 48. Ke3 Nxd5+ 0-1

[Event "0pen Est 2012/2013"]
[Site "Aubagne"]
[Date "2012.12.15"]
[Round "3.4"]
[White "Maxiola, Antoine"]
[Black "Cescon, Moreno"]
[Result "0-1"]
[WhiteElo "1520"]
[BlackElo "1715"]
[PlyCount "62"]

1. e4 e5 2. Nf3 d6 3. Bc4 Be7 4. d4 exd4 5. Nxd4 Nf6 6. Nc3 O-O 7. O-O a6 8. a3
Nbd7 9. b4 Ne5 10. Be2 c5 11. Nf3 Nxf3+ 12. Bxf3 cxb4 13. axb4 Bd7 14. Nd5 Nxd5
15. exd5 Bf5 16. c4 Rc8 17. Qb3 Bf6 18. Ra3 Be5 19. g3 Qc7 20. Be2 Rfe8 21. Be3
Be4 22. Rc1 Qe7 23. c5 dxc5 24. bxc5 Qd7 25. f3 Bxd5 26. Qc2 Qc6 27. Ra4 Bxf3
28. Bxf3 Qxf3 29. Rf1 Qxe3+ 30. Kh1 Qxc5 31. Qb3 Qc6+ 0-1

[Event "0pen Est 2012/2013"]
[Site "Aubagne"]
[Date "2012.12.15"]
[Round "3.5"]
[White "Massardo, Quentin"]
[Black "Benezra, David"]
[Result "1-0"]
[WhiteElo "1667"]
[BlackElo "1472"]
[PlyCount "67"]

1. d4 Nf6 2. c4 g6 3. Nf3 Bg7 4. g3 d6 5. Bg2 O-O 6. O-O Nbd7 7. Nc3 e5 8. e4
exd4 9. Nxd4 Re8 10. Re1 Nc5 11. b4 Ne6 12. Be3 Ng4 13. Nxe6 Bxe6 14. Bd4 Ne5
15. Nd5 Bg4 16. Qc2 Qd7 17. Qc3 c5 18. bxc5 dxc5 19. Bxe5 Bxe5 20. Qd3 Bxa1 21.
Rxa1 Qc6 22. e5 Rxe5 23. Ne7+ Rxe7 24. Bxc6 bxc6 25. Qd6 Rae8 26. Qxc5 Bf3 27.
Kf1 a6 28. a3 Re2 29. Qb6 Rc2 30. Qxa6 Ree2 31. Qb6 Rxc4 32. Qd8+ Kg7 33. Qd3
Rcc2 34. Qxf3 1-0

[Event "0pen Est 2012/2013"]
[Site "Aubagne"]
[Date "2012.12.15"]
[Round "3.7"]
[White "Rouault, Alexandre"]
[Black "Benezra, Amos"]
[Result "0-1"]
[WhiteElo "1199"]
[BlackElo "1647"]
[PlyCount "42"]

1. e4 c5 2. Nf3 d6 3. Bc4 Nf6 4. d3 g6 5. Nc3 Bg7 6. O-O O-O 7. b3 a6 8. a4
Nxe4 9. dxe4 Bxc3 10. Rb1 Nc6 11. Qd3 Bg7 12. Bd2 Ne5 13. Nxe5 Bxe5 14. Rfe1
Bd7 15. Bc3 b5 16. Bxe5 bxc4 17. bxc4 dxe5 18. Qd5 Bxa4 19. Qxc5 Qd4 20. Qxe7
Rfe8 21. Qb4 Bxc2 0-1

[Event "0pen Est 2012/2013"]
[Site "Aubagne"]
[Date "2012.12.15"]
[Round "3.8"]
[White "Salvi, Michel"]
[Black "Telouk, Olivier"]
[Result "1-0"]
[WhiteElo "1597"]
[BlackElo "1199"]
[PlyCount "71"]

1. e4 Nc6 2. Nf3 e5 3. Bb5 Nf6 4. O-O Bc5 5. Re1 Ng4 6. d4 Nxd4 7. Nxd4 Bxd4 8.
Qxg4 Qf6 9. Qg3 O-O 10. c3 Bb6 11. Bg5 Qd6 12. Na3 f6 13. Bh6 Rf7 14. Bc4 g5
15. Qf3 Qe7 16. h4 d5 17. Bxd5 Be6 18. Bxb7 Rd8 19. Bd5 Bxd5 20. exd5 Qc5 21.
b4 Qe7 22. Nc4 Rb8 23. Nxb6 Rxb6 24. Qg3 Kh8 25. hxg5 f5 26. Rxe5 Qd7 27. Rae1
Rb8 28. g6 f4 29. Bxf4 Rg7 30. Rg5 Rf8 31. Be5 Kg8 32. gxh7+ Kh8 33. Bxg7+ Kxh7
34. Qh4+ Kg8 35. Re8 Kf7 36. Qh5+ 1-0

[Event "0pen Est 2012/2013"]
[Site "Aubagne"]
[Date "2012.12.15"]
[Round "3.9"]
[White "Lang, Michel"]
[Black "Luc, Rene"]
[Result "0-1"]
[WhiteElo "1370"]
[BlackElo "1656"]
[PlyCount "94"]

1. d4 Nf6 2. Nf3 d6 3. Nc3 g6 4. e4 Bg7 5. Be3 O-O 6. Be2 c6 7. Qd2 Bg4 8. Ng5
Bxe2 9. Qxe2 Qa5 10. Bd2 Qb6 11. Na4 Qxd4 12. Nc3 Qb6 13. Na4 Qa6 14. Nc3 Qxe2+
15. Nxe2 h6 16. Nf3 Nxe4 17. Be3 b6 18. O-O Bxb2 19. Rab1 Bg7 20. Rfd1 Na6 21.
Nfd4 Rac8 22. f3 Nf6 23. c4 Nc5 24. f4 Ng4 25. Bc1 e5 26. fxe5 Nxe5 27. Nf3
Nxf3+ 28. gxf3 Rfd8 29. Bf4 Nb7 30. Ng3 d5 31. cxd5 Rxd5 32. Re1 Kf8 33. Ne4 f5
34. Nf2 Re8 35. Rxe8+ Kxe8 36. Re1+ Kd7 37. Kg2 g5 38. Bc1 Nc5 39. Rd1 Rxd1 40.
Nxd1 f4 41. h3 Nd3 42. Bd2 c5 43. Nc3 Bxc3 44. Bxc3 Ke6 45. Bg7 h5 46. Kf1 c4
47. Ke2 Nc1+ 0-1

[Event "0pen Est 2012/2013"]
[Site "Aubagne"]
[Date "2012.12.15"]
[Round "3.10"]
[White "Kallenberg, Hardi"]
[Black "Gambino, Max"]
[Result "0-1"]
[WhiteElo "1480"]
[BlackElo "1620"]
[PlyCount "82"]

1. e4 b6 2. Nc3 Bb7 3. d4 e6 4. Nf3 Bb4 5. Bc4 Bxc3+ 6. bxc3 Bxe4 7. O-O Ne7 8.
Bg5 O-O 9. Bd3 Bxd3 10. Qxd3 d5 11. Rfe1 Nbc6 12. Bh4 h6 13. Ne5 Nxe5 14. Rxe5
Qd7 15. Rh5 Nf5 16. Qd2 g6 17. Rxh6 Nxh6 18. Qxh6 f6 19. Qxg6+ Qg7 20. Qd3 Rf7
21. Re1 Qh7 22. Qxh7+ Kxh7 23. Rxe6 Kg7 24. Re3 Rff8 25. Bg3 Rae8 26. Bxc7 Rxe3
27. fxe3 Rc8 28. Bf4 Rxc3 29. h3 Rxc2 30. Kh2 Rxa2 31. h4 a5 32. Kg3 f5 33. Kf3
a4 34. Bd6 a3 35. Bb4 b5 36. g3 Ra1 37. Kf4 a2 38. Bc3 Rc1 39. Bb2 Rc2 40. Ba1
b4 41. Ke5 b3 0-1

[Event "0pen Est 2012/2013"]
[Site "Aubagne"]
[Date "2012.12.15"]
[Round "3.11"]
[White "Bertrand, Frederic"]
[Black "Benvenuto, Richard"]
[Result "1-0"]
[WhiteElo "1700"]
[BlackElo "1440"]
[PlyCount "89"]

1. e4 c5 2. Nf3 d6 3. d4 cxd4 4. Nxd4 Nf6 5. Nc3 g6 6. Be3 Bg7 7. Be2 O-O 8.
O-O Bd7 9. Nb3 Nc6 10. f4 a6 11. Bf3 Rc8 12. Nd5 Nxd5 13. exd5 Na5 14. Nxa5
Qxa5 15. c3 b5 16. a3 Qd8 17. Be2 Re8 18. Qd2 Bf5 19. Bd3 Bxd3 20. Qxd3 e6 21.
dxe6 Rxe6 22. f5 Re5 23. fxg6 fxg6 24. Kh1 Rc4 25. Bd4 Rh5 26. Bxg7 Kxg7 27.
Qf3 Rf5 28. Qb7+ Kh6 29. Rxf5 gxf5 30. Qxa6 Re4 31. Rd1 Re6 32. Qxb5 Kg5 33. h3
Qe7 34. Rf1 Re5 35. Qd3 Qe6 36. Qg3+ Kf6 37. Qh4+ Kg7 38. Qg5+ Kh8 39. Qg3 Re3
40. Qf2 Re5 41. Kh2 d5 42. Qg3 Qf6 43. Qf4 Kg7 44. Qd4 Qd6 45. Rxf5 1-0

[Event "0pen Est 2012/2013"]
[Site "Aubagne"]
[Date "2012.12.15"]
[Round "3.12"]
[White "Besucco, Guy"]
[Black "Fournier, Alain"]
[Result "0-1"]
[WhiteElo "1440"]
[BlackElo "1650"]
[PlyCount "96"]

1. c4 f5 2. Nf3 Nf6 3. g3 e6 4. a3 c6 5. Nc3 Be7 6. Bg2 O-O 7. O-O d5 8. d3 d4
9. Nb1 c5 10. Bd2 Nc6 11. e3 e5 12. b4 e4 13. Ne1 cxb4 14. axb4 Bxb4 15. Bxb4
Nxb4 16. Qb3 dxe3 17. fxe3 Nxd3 18. Nxd3 Qxd3 19. Qxd3 exd3 20. Nd2 Re8 21.
Rae1 Ne4 22. Nxe4 fxe4 23. Rf4 a5 24. Bxe4 g5 25. Bd5+ Be6 26. Bxe6+ Rxe6 27.
Rd4 Rc8 28. Rxd3 Rxc4 29. Rd8+ Kg7 30. Rd7+ Kg6 31. Rxb7 Ra6 32. Rf1 a4 33.
Rff7 a3 34. Rg7+ Kf5 35. Rbf7+ Ke4 36. Rd7 Rc1+ 37. Kg2 a2 38. Rge7+ Kf5 39.
e4+ Kg6 40. Rg7+ Kh5 41. g4+ Kxg4 42. h3+ Kf4 43. Rgf7+ Ke3 44. Rf3+ Kxe4 45.
Re7+ Kd5 46. Rd3+ Kc6 47. Re6+ Kb5 48. Re5+ Kc4 0-1

[Event "0pen Est 2012/2013"]
[Site "Aubagne"]
[Date "2012.12.15"]
[Round "3.13"]
[White "Leadbetter, Peter"]
[Black "Roche, Alain"]
[Result "1-0"]
[WhiteElo "1610"]
[BlackElo "1431"]
[PlyCount "101"]

1. d4 d5 2. Nf3 Nf6 3. e3 g6 4. c4 c6 5. Nc3 Bg7 6. Bd3 O-O 7. O-O dxc4 8. Bxc4
b5 9. Bb3 Ba6 10. Re1 b4 11. Na4 Nd5 12. Bd2 c5 13. Nxc5 Nf6 14. Bxb4 Bc8 15.
Qd2 Na6 16. Ba5 Qd6 17. Nxa6 Bxa6 18. Bb4 Qb8 19. Bxe7 Ng4 20. Bxf8 Bxf8 21.
Red1 Bb7 22. Ne5 h5 23. Nxg4 hxg4 24. d5 Bd6 25. g3 Qe8 26. Bc4 Qe4 27. b3 Kg7
28. Qd4+ Qxd4 29. exd4 Rh8 30. Re1 Rh5 31. Re4 Bc8 32. a3 Bf5 33. Re3 Bc7 34.
Rd1 Bb6 35. Re7 Rh8 36. d6 Rd8 37. Rxf7+ Kh6 38. a4 Rxd6 39. d5 g5 40. Re7 Rf6
41. Rd2 Ba5 42. Rde2 Bb6 43. b4 Bd4 44. Rc7 Kg6 45. Rc6 Bd7 46. Bd3+ Bf5 47.
Bxf5+ Kxf5 48. Rxf6+ Kxf6 49. d6 Be5 50. Rxe5 Kxe5 51. d7 1-0

[Event "0pen Est 2012/2013"]
[Site "Aubagne"]
[Date "2012.12.15"]
[Round "3.14"]
[White "Pala, Gerard"]
[Black "Vicari-Vento, Salvatore"]
[Result "1-0"]
[WhiteElo "1430"]
[BlackElo "1607"]
[PlyCount "86"]

1. c4 g6 2. Nc3 d6 3. g3 Bg7 4. Bg2 Nf6 5. e3 O-O 6. Nge2 c6 7. b3 Na6 8. a3
Nc5 9. Qc2 Bf5 10. e4 Bxe4 11. Nxe4 Nfxe4 12. d4 Ne6 13. Qxe4 f5 14. Qd3 Qc7
15. Bb2 f4 16. Bh3 Ng5 17. gxf4 Nxh3 18. Qxh3 c5 19. Rb1 cxd4 20. O-O Qc5 21.
Rfd1 e5 22. Qe6+ Kh8 23. Rd3 exf4 24. Nxd4 Qg5+ 25. Kh1 Qc5 26. Qd5 Rab8 27.
Qxc5 dxc5 28. Ne6 Bxb2 29. Nxf8 Bxa3 30. Ne6 a5 31. Nxf4 Rf8 32. Nh3 Rf7 33.
Rbd1 Kg7 34. Rd7 Bb4 35. Rxf7+ Kxf7 36. Rd7+ Kf6 37. Rxb7 h5 38. Rb6+ Kf5 39.
Kg2 g5 40. f3 h4 41. Rb7 Kg6 42. Rd7 Kh5 43. Rd5 Bd2 1-0

[Event "0pen Est 2012/2013"]
[Site "Aubagne"]
[Date "2012.12.15"]
[Round "3.15"]
[White "Benner, Jean-Marc"]
[Black "Akli, Robert"]
[Result "1/2-1/2"]
[WhiteElo "1420"]
[BlackElo "1510"]
[PlyCount "69"]

1. e4 g6 2. d4 Bg7 3. Nf3 c5 4. c3 d6 5. Bf4 Nf6 6. Nbd2 O-O 7. Bd3 a6 8. O-O
b5 9. e5 Nh5 10. Bg3 Nxg3 11. fxg3 dxe5 12. Be4 Ra7 13. dxe5 e6 14. Nb3 Nd7 15.
Qe2 Qe7 16. Bc2 c4 17. Nbd4 Qc5 18. Rfe1 Bb7 19. Rad1 Bxf3 20. gxf3 Nxe5 21. f4
Nd3 22. Bxd3 cxd3 23. Rxd3 Rd7 24. Kf1 Qd5 25. Red1 Qh1+ 26. Kf2 Qxh2+ 27. Kf3
Qh5+ 28. Kf2 Qc5 29. Kf1 Rd5 30. Nb3 Qd6 31. Qe4 f5 32. Qf3 Qc6 33. Rxd5 exd5
34. Qxd5+ Qxd5 35. Rxd5 1/2-1/2

[Event "0pen Est 2012/2013"]
[Site "Aubagne"]
[Date "2012.12.15"]
[Round "3.16"]
[White "Velut, Pierre-Marie"]
[Black "Mroz, Erwin"]
[Result "1-0"]
[WhiteElo "1500"]
[BlackElo "1420"]
[PlyCount "24"]

1. d4 d5 2. c4 c6 3. Nf3 dxc4 4. Nc3 Nf6 5. a4 a5 6. e4 Ng4 7. Be3 Be6 8. Ne5
Qb6 9. Qc2 Qb4 10. Bd2 Qb6 11. Be2 Qb3 12. Qb1 Qb4 1-0

[Event "0pen Est 2012/2013"]
[Site "Aubagne"]
[Date "2012.12.15"]
[Round "3.17"]
[White "Autouard, Jean Luc"]
[Black "Veith, Irene"]
[Result "0-1"]
[WhiteElo "1499"]
[BlackElo "1420"]
[PlyCount "80"]

1. e4 d6 2. Nf3 Nf6 3. Nc3 e5 4. Bc4 Be7 5. d3 O-O 6. Qe2 c6 7. O-O b5 8. Bb3
Bg4 9. Be3 Nbd7 10. d4 a5 11. d5 a4 12. dxc6 Nc5 13. Bxf7+ Rxf7 14. Nxb5 Qb6
15. Qc4 Bxf3 16. gxf3 Qxc6 17. Kh1 h6 18. Rg1 Bf8 19. Bxh6 d5 20. exd5 Nxd5 21.
Rg3 Ra6 22. Bd2 Qe6 23. Rag1 e4 24. Re1 Rc6 25. Nd4 Qd6 26. Nxc6 Qxc6 27. fxe4
Nf6 28. f3 Qd6 29. e5 Qxd2 30. Reg1 Nh5 31. R3g2 Qe3 32. e6 Nxe6 33. Re2 Qxf3+
34. Rgg2 Nef4 35. Ref2 Qh3 36. Rg5 Qe3 37. Kg1 Qe1+ 38. Rf1 Qe3+ 39. Kh1 Qh3
40. Rxh5 Qg2# 0-1

[Event "0pen Est 2012/2013"]
[Site "Aubagne"]
[Date "2012.12.15"]
[Round "3.18"]
[White "Strate, Francois"]
[Black "Batalov, Azat"]
[Result "1-0"]
[WhiteElo "1389"]
[BlackElo "1499"]
[PlyCount "67"]

1. d4 c5 2. d5 d6 3. Nc3 g6 4. e4 Bg7 5. Nf3 Nf6 6. Bd3 O-O 7. Bf4 Bd7 8. Qd2
a6 9. a4 Qc7 10. O-O e6 11. Rab1 Ne8 12. Bh6 Qa5 13. Bxg7 Kxg7 14. Ra1 e5 15.
Ng5 Qb4 16. h4 c4 17. Be2 b5 18. axb5 Bxb5 19. h5 Nc7 20. Qe3 Qxb2 21. Rab1
Qxc2 22. Nxb5 Nxb5 23. Rbc1 Qb2 24. Bxc4 Nc7 25. hxg6 hxg6 26. Rb1 Qd4 27. Qa3
Ne8 28. Rb7 a5 29. Ne6+ Kg8 30. Nxd4 exd4 31. Rd1 f5 32. e5 dxe5 33. d6+ Kh8
34. Qh3# 1-0

[Event "0pen Est 2012/2013"]
[Site "Aubagne"]
[Date "2012.12.15"]
[Round "3.19"]
[White "Evanno, Georges"]
[Black "Danthier, Christophe"]
[Result "1-0"]
[WhiteElo "1350"]
[BlackElo "1499"]
[PlyCount "55"]

1. e4 Nc6 2. Bc4 e5 3. Nf3 d6 4. a3 Be6 5. Ba2 Qf6 6. O-O Bg4 7. d3 Nd4 8. Nbd2
Nxf3+ 9. Nxf3 Qg6 10. c3 Bh3 11. Ng5 h6 12. Bxf7+ Kd7 13. Bxg6 hxg5 14. gxh3
Rxh3 15. Qg4+ Kc6 16. Qxh3 Nh6 17. Bxg5 d5 18. Bxh6 gxh6 19. Kh1 dxe4 20. Bxe4+
Kb6 21. Qf3 Ka6 22. Bxb7+ Ka5 23. Bxa8 c5 24. Qd5 e4 25. Qd8+ Ka4 26. Qxf8 h5
27. Qxc5 a5 28. Qc4# 1-0

[Event "0pen Est 2012/2013"]
[Site "Aubagne"]
[Date "2012.12.15"]
[Round "3.20"]
[White "Tosato, Tony"]
[Black "Gallo, Nicolas"]
[Result "0-1"]
[WhiteElo "1199"]
[BlackElo "1499"]
[PlyCount "34"]

1. d4 d5 2. c4 e5 3. Nf3 Nc6 4. g3 dxc4 5. Qa4 exd4 6. Qxc4 Be6 7. Qd3 Nf6 8.
Bg2 Qd7 9. O-O O-O-O 10. Rd1 Bf5 11. Ne5 Nxe5 12. Qb3 Be4 13. Bxe4 Nxe4 14. Qc2
d3 15. exd3 Qh3 16. dxe4 Nf3+ 17. Kh1 Qxh2# 0-1

[Event "0pen Est 2012/2013"]
[Site "Aubagne"]
[Date "2012.12.15"]
[Round "3.21"]
[White "Gamblin, Vincent"]
[Black "Periale, Albert"]
[Result "1-0"]
[WhiteElo "1499"]
[BlackElo "1400"]
[PlyCount "71"]

1. e4 c5 2. Nf3 d6 3. d4 cxd4 4. Nxd4 Nc6 5. Nc3 a6 6. Be3 g6 7. Nxc6 bxc6 8.
Bd4 e5 9. Be3 Bg7 10. Qd2 Nf6 11. O-O-O Bf8 12. Bg5 Ra7 13. f4 Rd7 14. Bc4 Bg7
15. fxe5 dxe5 16. Qf2 O-O 17. Rxd7 Bxd7 18. Bxa6 Qe7 19. Rf1 Re8 20. Bxf6 Bxf6
21. Qxf6 Be6 22. Qxe7 Rxe7 23. a4 Ra7 24. Bd3 h5 25. Kd2 Kg7 26. b4 f6 27. a5
Kf7 28. Na4 Kg7 29. Nb6 Kf7 30. Bc4 Bxc4 31. Nxc4 Rd7+ 32. Kc3 Rd4 33. a6 Rd8
34. Nxe5+ Ke6 35. Nxc6 Rc8 36. b5 1-0